000 00415nam a2200181Ia 4500
003 ARRUPE
005 20140327114455.0
008 130227s9999 xx 000 0 und d
040 _cARRUPELIB
050 _aQH325.D345 1999
100 _aDavies, Paul
_99355
245 4 _aThe fifth miracle
260 _aLondon
260 _bPenguin Books
300 _axx
300 _b 282p. 18cm.
942 _2lcc
_cMONOGRAPH
999 _c6115
_d6115